Fr. Conceicao Rodrigues College of Engineering

Techonlogical Principles of How line Automated Production (Record no. 30437)

MARC details
000 -LEADER
fixed length control field 00365nam a2200157Ia 4500
082 ## - DEWEY DECIMAL CLASSIFICATION NUMBER
Classification number 658.5
Item number DEM
100 ## - MAIN ENTRY--PERSONAL NAME
Personal name Demyanyuk/F.S.
245 ## - TITLE STATEMENT
Title Techonlogical Principles of How line Automated Production
260 ## - PUBLICATION, DISTRIBUTION, ETC.
Name of publisher, distributor, etc. Pergamon press
Place of publication, distribution, etc. NONE
Date of publication, distribution, etc. 1963
300 ## - PHYSICAL DESCRIPTION
Extent 522
490 ## - SERIES STATEMENT
Volume/sequential designation 1
546 ## - LANGUAGE NOTE
Language note ENGLISH
654 ## - SUBJECT ADDED ENTRY--FACETED TOPICAL TERMS
Focus term technological
942 ## - ADDED ENTRY ELEMENTS (KOHA)
Koha item type BOOK
Holdings
Withdrawn status Lost status Damaged status Not for loan Collection Home library Current library Date acquired Total Checkouts Full call number Barcode Date last seen Price effective from Koha item type
        CRC Fr. Agnel's C.Rodrigues College of Engineering Fr. Agnel's C.Rodrigues College of Engineering 17/03/2023   658.5 DEM 9715 17/03/2023 17/03/2023 BOOK
        CRC Fr. Agnel's C.Rodrigues College of Engineering Fr. Agnel's C.Rodrigues College of Engineering 17/03/2023   658.5 DEM 9716 17/03/2023 17/03/2023 BOOK
        CRC Fr. Agnel's C.Rodrigues College of Engineering Fr. Agnel's C.Rodrigues College of Engineering 17/03/2023   658.5 DEM 9717 17/03/2023 17/03/2023 BOOK
        CRC Fr. Agnel's C.Rodrigues College of Engineering Fr. Agnel's C.Rodrigues College of Engineering 17/03/2023   658.5 DEM 9718 17/03/2023 17/03/2023 BOOK